Voices the journal of New York folklore.
| Título anterior: | New York folklore New York folklore newsletter (New York Folklore Society : 1982) |
|---|---|
| Autor Corporativo: | |
| Formato: | Electrónico Revista |
| Lenguaje: | inglés |
| Publicado: |
Schenectady, NY :
New York Folklore Society,
c2000-
|
| Materias: | |
| Acceso en línea: | Full text available from Research Library: 04/01/2004 to 12/31/2017 Full text available from Research Library: 01/01/2019 to present |
MARC
| LEADER | 00000nas a2200000 a 4500 | ||
|---|---|---|---|
| 001 | ssj0036246 | ||
| 003 | WaSeSS | ||
| 005 | 20200512172242.0 | ||
| 006 | m d | ||
| 007 | cr n | ||
| 008 | 010118c20009999nyufr p s 0 a0eng c | ||
| 010 | |a 2001252207 | ||
| 022 | |l 1551-7268 |y 1551-7268 | ||
| 035 | |a (WaSeSS)ssj0036246 | ||
| 037 | |b New York Folklore Society, Inc., 133 Jay St., P.O. Box 764, Schenectady, NY 12301 | ||
| 040 | |a VVC |b eng |c VVC |d CLE |d WAU |d EYM |d NOC |d IUL |d NYG |d NSD |d DLC |d LVB |d NYG |d ZCU |d CUS |d OCLCQ |d OCLCA |d OCLCQ |d OCLCF |d OCLCO |d OCLCA |d WaSeSS | ||
| 042 | |a pcc |a nsdp | ||
| 043 | |a n-us-ny | ||
| 050 | 0 | 0 | |a GR110.N7 |b V65 |
| 082 | 1 | 0 | |a 398 |2 13 |
| 130 | 0 | |a Voices (New York Folklore Society) | |
| 222 | 0 | |a Voices |b (New York Folklore Society) | |
| 245 | 1 | 0 | |a Voices |h [electronic resource] : |b the journal of New York folklore. |
| 260 | |a Schenectady, NY : |b New York Folklore Society, |c c2000- | ||
| 310 | |a Semiannual (2 combined issues), |b <2006-> | ||
| 321 | |a Three times a year, |b 2000- | ||
| 362 | 0 | |a Vol. 26 (fall-winter 2000)- | |
| 500 | |a Title from cover. | ||
| 506 | |a License restrictions may limit access. | ||
| 515 | |a Continues the volume numbering of New York folklore. | ||
| 515 | |a Vol. 26 complete in one issue. | ||
| 580 | |a Formed by the union of: New York folklore, and: New York folklore newsletter (New York Folklore Society : 1982). | ||
| 588 | |a Latest issue consulted: Vol. 33, 3-4 (fall-winter 2007). | ||
| 610 | 2 | 0 | |a New York Folklore Society. |
| 610 | 2 | 7 | |a New York Folklore Society. |2 fast |0 (OCoLC)fst01477592 |
| 650 | 0 | |a Folklore |z New York (State) |v Periodicals. | |
| 650 | 6 | |a Folklore |z New York (État) |v Périodiques. | |
| 650 | 7 | |a Folklore. |2 fast |0 (OCoLC)fst00930306 | |
| 650 | 7 | |a Manners and customs. |2 fast |0 (OCoLC)fst01007815 | |
| 651 | 0 | |a New York (State) |x Social life and customs |v Periodicals. | |
| 651 | 6 | |a New York (État) |x Mœurs et coutumes |v Périodiques. | |
| 651 | 7 | |a New York (State) |2 fast |0 (OCoLC)fst01210280 | |
| 655 | 0 | |a Electronic journals. | |
| 710 | 2 | |a New York Folklore Society. | |
| 780 | 1 | 4 | |t New York folklore |x 0361-204X |w (DLC) 75649891 |w (OCoLC)2246165 |
| 780 | 1 | 4 | |t New York folklore newsletter (New York Folklore Society : 1982) |w (DLC) 97645900 |w (OCoLC)37242497 |
| 850 | |a DLC | ||
| 853 | 2 | 0 | |8 1 |a v. |i (year) |j (season) |w t |
| 856 | 4 | 0 | |z Full text available from Research Library: 04/01/2004 to 12/31/2017 |u https://search.proquest.com/publication/26490 |
| 856 | 4 | 0 | |z Full text available from Research Library: 01/01/2019 to present |u https://search.proquest.com/publication/26490 |
| 863 | 4 | 1 | |8 1.1 |a 26 |i 2000 |j 23/24 |